EL OTRO SIGNIFICADO DE UN MONUMENTO HISTORICO (Registro nro. 43284)
[ vista simple ]
| 000 -LEADER | |
|---|---|
| fixed length control field | 01086nam a2200205 a 4500 |
| 001 - CONTROL NUMBER | |
| control field | 43284 |
| 005 - DATE AND TIME OF LATEST TRANSACTION | |
| control field | 20180714021742.0 |
| 008 - FIXED-LENGTH DATA ELEMENTS--GENERAL INFORMATION | |
| fixed length control field | 140415s1999 mx 000 0 spa d |
| 020 ## - INTERNATIONAL STANDARD BOOK NUMBER | |
| International Standard Book Number | 9701825195 |
| 041 ## - LANGUAGE CODE | |
| Language code of text/sound track or separate title | spa |
| 082 ## - DEWEY DECIMAL CLASSIFICATION NUMBER | |
| Classification number | 363.51 |
| Item number | PAZ |
| 100 1# - MAIN ENTRY--PERSONAL NAME | |
| Personal name | PAZ ARELLANO, PEDRO |
| 245 13 - TITLE STATEMENT | |
| Title | EL OTRO SIGNIFICADO DE UN MONUMENTO HISTORICO |
| 250 ## - EDITION STATEMENT | |
| Edition statement | 1a ed. |
| 260 ## - PUBLICATION, DISTRIBUTION, ETC. | |
| Place of publication, distribution, etc. | MEXICO : |
| Name of publisher, distributor, etc. | INSTITUTO NACIONAL DE ANTROPOLOGIA E HISTORIA, |
| Date of publication, distribution, etc. | 1999 |
| 300 ## - PHYSICAL DESCRIPTION | |
| Extent | 274 |
| Dimensions | x 12.4 x 19.7 |
| 490 ## - SERIES STATEMENT | |
| Series statement | DIVULGACION |
| 520 ## - SUMMARY, ETC. | |
| Summary, etc. | EL TEXTO TRATA DE LA CONSERVACION DE ESTOS EDIFICIOS NO DEPENDE DE LA CONCIENTIZACION DE LA GENTE, COMO AFIRMAN ALGUNOS ESPECIALISTAS; PUES NUNCA HA EXISTIDI ESA FORMA UNICA DE CONCIENCIA SOCIAL Y, SIN EMBARGO, LAS PERSONAS POR MOTIVOS PROPIOS HAN CONSERVADO MILES DE EDIFICIOS ANTIGUOS EN TODO EL PAIS. ESTA PARTICIACION SOCIAL PARA LA CONSERVACION DE LOS MONUMENTOS HISTORICOS, QUE FORMAN PARTE DEL PATRIMONIO CULTURAL, CONLLEVA INFINIDAD DE PROBLEMAS Y PREGUNTAS. ¿ CUAL ES EL SIGNIFICAD |
| 650 14 - SUBJECT ADDED ENTRY--TOPICAL TERM | |
| Topical term or geographic name entry element | PROBLEMAS SOCIALES |
| General subdivision | VIVIENDA |
| -- | CASAS DE VECINDAD |
| Withdrawn status | Lost status | Source of classification or shelving scheme | Damaged status | Not for loan | Collection code | Home library | Current library | Shelving location | Date acquired | Source of acquisition | Inventory number | Total Checkouts | Full call number | Barcode | Date last seen | Price effective from | Koha item type |
|---|---|---|---|---|---|---|---|---|---|---|---|---|---|---|---|---|---|
| Dewey Decimal Classification | General | Biblioteca Karol Wojtyla | Biblioteca Karol Wojtyla | Sala general | 03/12/2013 | Compra | 151000000000000000047983 | 363.51 PAZ | 65117 | 05/01/2026 | 03/12/2013 | Libro |